A collection of problems on complex analysis

Αποθηκεύτηκε σε:
Λεπτομέρειες βιβλιογραφικής εγγραφής
Κύριος συγγραφέας: Volkovyskii, Lev Izrailevich
Άλλοι συγγραφείς: Lunts, G. L. (Grigorii Lvovich), Aramanovich, I. G. (Isaak Genrikhovich), Berry, J. (Μεταφραστής), Kovari, T. (Μεταφραστής)
Μορφή: Βιβλίο
Γλώσσα:English
Δημοσίευση: New York : Dover Publications, 1991
Θέματα:
Ετικέτες: Προσθήκη ετικέτας
Δεν υπάρχουν, Καταχωρήστε ετικέτα πρώτοι!

MARC

LEADER 00000nam a2200000 i 4500
001 1/90091
008 990920s1991 eng d
020 |a 0-486-66913-0 
035 |l 10052965 
040 |a GR-MY-UA  |b gre  |e aacr 
041 0 |a eng 
082 0 |a 515.9076 
100 1 |a Volkovyskii, Lev Izrailevich. 
245 1 2 |a A collection of problems on complex analysis /  |c L.I. Volkovyskii, G.L. Lunts, L.G. Aramanovich ; translated by J. Berry ; translation edited by T. Kovari 
260 |a New York :   |b Dover Publications,   |c 1991 
300 |a x, 426 p.;  |b ill.;  |c 22 cm. 
500 |a Translation of: Sbornik zadach po teorii funktsii kompleksnogo peremennogo 
500 |a Originally published: Oxford : Pergamon Press, 1965. (International series of monographs in pure and applied mathematics ; v. 68). 
650 0 0 |a Functions of complex variables  |x Problems, exercises, etc. 
650 0 0 |a Mathematical analysis  |x Problems, exercises, etc. 
700 1 |a Lunts, G. L.  |q (Grigorii Lvovich) 
700 1 |a Aramanovich, I. G.  |q (Isaak Genrikhovich) 
700 1 |a Berry, J.  |4 trl 
700 1 |a Kovari, T.  |4 trl 
852 |a INST  |b SAMOS  |e 19990920  |h 515.9076 VOL  |p 005300015049  |q 005300015049  |t BK  |y 0 
901 |a BIBL3-1999-3 
909 |a Σ  |b 067079 
922 |a 3ΕΛΗ  |b 199907  |c ΚΠΣ  |d GLORY 
950 |a 116-1998-08-10 
970 |a ΚΟΣΙΕΡΗΣ  |b ΧΡΗΣΤΟΣ  |z 1999/09/20